Name that person 2000s - Statistics

General Stats
  • This quiz has been taken 75 times
  • The average score is 13 of 16
Answer Stats
Picture Answer % Correct
daniel radcliffe
94%
emma watson
94%
snoop dog
93%
brad pitt
91%
jennifer aniston
88%
keanu reeves
88%
steve jobs
87%
britney spears
86%
jackie chen
84%
angelina jolie
83%
jack black
83%
jennifer lopez
80%
jay z
78%
megan fox
78%
christina aguilera
62%
jessica alba
54%
No matching quizzes found
Score Distribution
Percent of People with Each Score
Percentile by Number Answered
Your Score History
You have not taken this quiz